000 00437nam a2200181Ia 4500
001 22874
005 20260414150900.0
008 260414t2017||||xx |||||||||||||| ||spa||
041 _aESP
082 _a624.15136
_bM84
100 _aMontoya Vallecilla, Jorge Olmedo
_eAUT
245 0 _aMecánica de materiales
_b
260 _c2017
300 _a641 páginas :
_c24 cm.
650 _a0
654 _aCIC
942 _cLIB
_dJUS
_fJUS
_2ddc
_n
999 _c22874
_d22874